Karthographische Aufnahmen und Geograpische Ortsbeftimmung auf Reisen (Record no. 5414)

MARC details
000 -CABECERA
campo de control de longitud fija 00624nam a2200217 a 4500
001 - NÚMERO DE CONTROL
campo de control BRCA_5724
005 - FECHA Y HORA DE LA ÚLTIMA TRANSACCIÓN
campo de control 20190320205207.0
008 - DATOS DE LONGITUD FIJA--INFORMACIÓN GENERAL
campo de control de longitud fija 030311s1912----gw-#######---#001-0#ger-#
041 ## - CÓDIGO DE LENGUA
Código de lengua del texto/banda sonora o título independiente ger
044 ## - CÓDIGO DEL PAÍS DE LA ENTIDAD EDITORA/PRODUCTORA
Código MARC del país gw
050 #4 - SIGNATURA TOPOGRÁFICA DE LA BIBLIOTECA DEL CONGRESO
Número de clasificación GA871
Número de documento/Ítem .H84 1912
100 1# - ENTRADA PRINCIPAL--NOMBRE DE PERSONA
Nombre de persona Hugershoff, R.
9 (RLIN) 14527
245 10 - MENCIÓN DE TÍTULO
Título Karthographische Aufnahmen und Geograpische Ortsbeftimmung auf Reisen
Mención de responsabilidad, etc. R. Hugershoff.
260 ## - PUBLICACIÓN, DISTRIBUCIÓN, ETC.
Lugar de publicación, distribución, etc. Berlín
Nombre del editor, distribuidor, etc. Sammlung Köschen
Fecha de publicación, distribución, etc. 1912
300 ## - DESCRIPCIÓN FÍSICA
Extensión 178 p.
Otras características físicas il., mapas
Dimensiones 16 cm.
500 ## - NOTA GENERAL
Nota general Incluye índice analítico y glosario
501 ## - NOTA DE "CON"
Nota de “Con” H44
650 14 - PUNTO DE ACCESO ADICIONAL DE MATERIA--TÉRMINO DE MATERIA
Término de materia o nombre geográfico como elemento de entrada Cartografía
Subdivisión geográfica Alemania
9 (RLIN) 14528
902 ## - CATALOGADOR
Iniciales GFM
942 ## - ELEMENTOS DE PUNTO DE ACCESO ADICIONAL (KOHA)
Fuente del sistema de clasificación o colocación Library of Congress Classification
Tipo de ítem Koha Libros
Holdings
Estado de retiro Estado de pérdida Estado dañado No para préstamo Localización permanente Ubicación/localización actual Fecha de adquisición Total de préstamos Signatura topográfica completa Código de barras Fecha visto por última vez Precio válido a partir de Tipo de ítem Koha
El ejemplar forma parte de la colección y puede ser consultado según las políticas vigentes.       Biblioteca del Museo Franz Mayer (Rogerio Casas-Alatriste) Biblioteca del Museo Franz Mayer (Rogerio Casas-Alatriste) 03/03/2011   GA871 .H84 1912 6160 22/03/2019 22/03/2019 Libros